Negligence in valuations : the standard of care required. Wednesday 18 February 1998 ... the Brewers Room, London : seminar papers. (Record no. 96959)
[ view plain ]
| 000 -LEADER | |
|---|---|
| fixed length control field | 01475cam a2200265 4500 |
| 001 - CONTROL NUMBER | |
| control field | M90048 |
| 008 - FIXED-LENGTH DATA ELEMENTS--GENERAL INFORMATION | |
| fixed length control field | 090401t1998 xxu||||| |||| 00| 0 eng d |
| 035 ## - SYSTEM CONTROL NUMBER | |
| System control number | (Sirsi) u84501 |
| 041 ## - LANGUAGE CODE | |
| Language code of text/sound track or separate title | eng |
| 050 ## - LIBRARY OF CONGRESS CALL NUMBER | |
| Classification number | 333.332 |
| 110 ## - MAIN ENTRY--CORPORATE NAME | |
| Corporate name or jurisdiction name as entry element | Property Valuation Forum |
| 9 (RLIN) | 3589 |
| 245 ## - TITLE STATEMENT | |
| Title | Negligence in valuations : the standard of care required. Wednesday 18 February 1998 ... the Brewers Room, London : seminar papers. |
| 260 ## - PUBLICATION, DISTRIBUTION, ETC. | |
| Place of publication, distribution, etc. | London |
| Name of publisher, distributor, etc. | Property Valuation Forum |
| Date of publication, distribution, etc. | 1998 |
| 300 ## - PHYSICAL DESCRIPTION | |
| Extent | 36p. ; 30cm. |
| 350 ## - PRICE (NR) (BK AM CF MU VM SE) [OBSOLETE] | |
| Price | 0 |
| 505 ## - FORMATTED CONTENTS NOTE | |
| Formatted contents note | The legal framework for judging negligence. |
| -- | Saville, Mark; Battle, John; Strickland, Hugh; Sparrow, Andrew; King, John; , ; Belcher, Robert; Lizieri, Colin; Dobson, Richard; Bateman, Gordon; Barlow, James; Howson, Mark; Thompson, Ian; Bradford, Katie |
| 505 ## - FORMATTED CONTENTS NOTE | |
| Formatted contents note | Implications for valuers and expert valuers. |
| -- | Menzies, Ian; Plant, Jane; Asbury, Norton; Locke, Duncan; Parrish, Frank; Bowen, Paul; Adair, Alastair; Matzdorf, Dave; Nicholls, Bob; Gausden, Christine; May, Michael; Holmes, George; Clark, Brian; Edge, John |
| 505 ## - FORMATTED CONTENTS NOTE | |
| Formatted contents note | Is the margin of error principle appropriate? |
| -- | Capper, Phillip; Hatton, William; Katz, Rhoda; Silver, Simon; Gittens, Paul; Parrack, Tony; Morey-Smith, Linda; Douey, Patricia; Burgon, Jo; Yang, Zhengrong; Ratcliffe, John; Morris, Nick; Crosby, Neil |
| 650 ## - SUBJECT ADDED ENTRY--TOPICAL TERM | |
| Topical term or geographic name entry element | CASE LAW |
| 650 ## - SUBJECT ADDED ENTRY--TOPICAL TERM | |
| Topical term or geographic name entry element | NEGLIGENCE |
| 650 ## - SUBJECT ADDED ENTRY--TOPICAL TERM | |
| Topical term or geographic name entry element | NEGLIGENT VALUATIONS |
| 690 ## - LOCAL SUBJECT ADDED ENTRY--TOPICAL TERM (OCLC, RLIN) | |
| Topical term or geographic name as entry element | RATING AND VALUATION |
| 942 ## - ADDED ENTRY ELEMENTS (KOHA) | |
| Suppress in OPAC | 0 |
| 948 ## - LOCAL PROCESSING INFORMATION (OCLC); SERIES PART DESIGNATOR (RLIN) | |
| c (OCLC) | 25/02/1998 |
| Withdrawn status | Lost status | Source of classification or shelving scheme | Damaged status | Not for loan | Home library | Current library | Shelving location | Date acquired | Cost, normal purchase price | Total Checkouts | Full call number | Barcode | Date last seen | Date last checked out | Copy number | Cost, replacement price | Price effective from | Koha item type |
|---|---|---|---|---|---|---|---|---|---|---|---|---|---|---|---|---|---|---|
| Dewey Decimal Classification | London | London | Basement | 14/09/1999 | 5.00 | 2 | BASEMENT | 30054882 | 06/08/2019 | 15/01/2002 | 2 | 5.00 | 06/08/2019 | Book |